Reglamento de la Hacienda municipal de Barcelona (Record no. 125874)
[ view plain ]
| 000 -LEADER | |
|---|---|
| campo de control de longitud fija | 00801nam a2200217 i 4500 |
| 001 - NÚMERO DE CONTROL | |
| campo de control | 125874 |
| 003 - IDENTIFICADOR DE NÚMERO DE CONTROL | |
| campo de control | ES-MaACL |
| 005 - FECHA Y HORA DE LA ÚLTIMA TRANSACCIÓN | |
| campo de control | 20230906192720.0 |
| 007 - CAMPO FIJO DE DESCRIPCIÓN FÍSICA--INFORMACIÓN GENERAL | |
| campo de control de longitud fija | t| |
| 008 - DATOS DE LONGITUD FIJA--INFORMACIÓN GENERAL | |
| campo de control de longitud fija | 070214s1962 sp r ||||1| spa d |
| 245 00 - MENCIÓN DEL TÍTULO | |
| Título | Reglamento de la Hacienda municipal de Barcelona |
| Resto del título | : (Decreto 2086/1961, de 9 de noviembre) / |
| Mención de responsabilidad, etc. | texto anotado y concordado por Francisco López Nieto y Mallo y Carlos Tejera Victory. |
| 260 ## - PUBLICACIÓN, DISTRIBUCIÓN, ETC. | |
| Lugar de publicación, distribución, etc. | Barcelona : |
| Nombre del editor, distribuidor, etc. | Anábasis, |
| Fecha de publicación, distribución, etc. | 1962. |
| 300 ## - DESCRIPCIÓN FÍSICA | |
| Extensión | 187 p. ; |
| Dimensiones | 22 cm. |
| 490 1# - MENCIÓN DE SERIE | |
| Mención de serie | Textos anotados ; |
| Designación de volumen o secuencia | TA 1 |
| 650 #4 - PUNTO DE ACCESO ADICIONAL DE MATERIA--TÉRMINO DE MATERIA | |
| Término de materia o nombre geográfico como elemento de entrada | Hacienda pública- |
| Subdivisión geográfica | Barcelona. |
| 9 (RLIN) | 168548 |
| 700 1# - ENTRADA AGREGADA--NOMBRE PERSONAL | |
| Nombre de persona | López Nieto y Mallo, Francisco. |
| 9 (RLIN) | 73827 |
| 700 1# - ENTRADA AGREGADA--NOMBRE PERSONAL | |
| Nombre de persona | Tejera Victory, Carlos. |
| 9 (RLIN) | 109587 |
| 830 0# - PUNTO DE ACCESO ADICIONAL DE SERIE-TÍTULO UNIFORME | |
| Título uniforme | Textos anotados ; |
| Designación de volumen o secuencia | TA 1 |
| 9 (RLIN) | 182595 |
| 852 ## - LOCALIZACIÓN | |
| Ubicación | ES-MaACL |
| Número de control de estantería | P-1022-Ter |
| Sublocalización o colección | R.51224 |
| Estatus retirado | Estado de pérdida | Estado de daño | No para préstamo | Biblioteca de origen | Biblioteca actual | Ubicación en estantería | Fecha de adquisición | Fuente de adquisición | Total de préstamos | Signatura topográfica completa | Código de barras | Visto por última vez | Precio de reemplazo | Tipo de ítem Koha |
|---|---|---|---|---|---|---|---|---|---|---|---|---|---|---|
| Biblioteca del Ateneo de Madrid | Biblioteca del Ateneo de Madrid | Depósito 2 | 17/01/2008 | P-1022-Ter | 1131120 | 23/02/2023 | 23/02/2023 | Libro impreso |
